000 nam a22 7a 4500
999 _c7534
_d7534
008 170920b xxu||||| |||| 00| 0 eng d
100 _aBarclay Sue
_94060
245 _aOur world in danger
250 _a19th edition
260 _aUSA
_bWorld Book House
_c1992